| 000 | 00646nam a2200229Ia 4500 | ||
|---|---|---|---|
| 003 | OSt | ||
| 005 | 20220925224456.0 | ||
| 006 | a|||||r|||| 00| 0 | ||
| 007 | ta | ||
| 008 | 220923b |||||||| |||| 00| 0 eng d | ||
| 037 | _cGeneral Book | ||
| 040 |
_aRTL _cRTL _beng |
||
| 041 |
_2eng _aeng |
||
| 082 | _aSigma, K5 | ||
| 100 |
_aMarsh David C Ed. _9107691 |
||
| 245 | 0 |
_aSocial sciences _b An outline for the intenling stu |
|
| 260 |
_aLondon _bRoutledge & Kegan Paul U K _c1965 |
||
| 300 |
_a168p _ccm. |
||
| 650 | _aSocial Sciences | ||
| 942 |
_hSigma, K5 _cGB _2CC |
||
| 999 |
_c581552 _d581552 |
||